| 000 | 00794nam a22002657a 4500 | ||
|---|---|---|---|
| 999 |
_c1562 _d1562 |
||
| 001 | 10428 | ||
| 003 | BD-DhUAP | ||
| 005 | 20200210114114.0 | ||
| 008 | 200210r2004 ii ||||| v||| 001 0 eng d | ||
| 040 |
_aBD-DhUAP _bEng _cBD-DhUAP |
||
| 082 |
_223 _a346.54022 BAN |
||
| 100 |
_aBangia, R. K. _936370 |
||
| 245 |
_aThe Indian contract act / _cR. K. Bangia and Sandeep Bangia. |
||
| 250 | _a11th ed. | ||
| 260 |
_aAllahabad : _bAllahabad law agency, _cc2004. |
||
| 300 |
_axl, 524 pages ; _c22 cm. |
||
| 500 | _aIncludes index. | ||
| 526 | _aSOL | ||
| 650 |
_aContracts _zIndia. _936371 |
||
| 651 |
_yIndian Contract Act, 1872. _936373 |
||
| 700 | _aBangia, Sandeep | ||
| 942 |
_2ddc _cBK |
||